Vessels for the divine / (Record no. 2522)

MARC details
000 -LEADER
fixed length control field 00517nam a2200205 4500
001 - CONTROL NUMBER
control field 3129
005 - DATE AND TIME OF LATEST TRANSACTION
control field 20181127170538.0
010 00 - LIBRARY OF CONGRESS CONTROL NUMBER
LC control number
020 00 - INTERNATIONAL STANDARD BOOK NUMBER
International Standard Book Number
090 00 - LOCALLY ASSIGNED LC-TYPE CALL NUMBER (OCLC); LOCAL CALL NUMBER (RLIN)
Classification number (OCLC) (R) ; Classification number, CALL (RLIN) (NR) 738.05 C411c 2011
100 00 - MAIN ENTRY--PERSONAL NAME
Personal name Davey, Rachael.
245 00 - TITLE STATEMENT
Title Vessels for the divine /
Remainder of title
Statement of responsibility, etc. Rachael Davey.
Medium
250 00 - EDITION STATEMENT
Edition statement
260 00 - PUBLICATION, DISTRIBUTION, ETC.
Place of publication, distribution, etc.
Name of publisher, distributor, etc.
Date of publication, distribution, etc.
300 00 - PHYSICAL DESCRIPTION
Extent
500 00 - GENERAL NOTE
General note Article in "Ceramic Review," March/April 2011, no. 248, pp. 44-47.
650 00 - SUBJECT ADDED ENTRY--TOPICAL TERM
Topical term or geographic name entry element Pottery --Periodicals.
General subdivision
Topical term or geographic name entry element Buddhist art and symbolism --Bhutan.
General subdivision
Topical term or geographic name entry element
General subdivision
Holdings
Withdrawn status Lost status Source of classification or shelving scheme Damaged status Not for loan Collection code Home library Current library Shelving location Serial Enumeration / chronology Inventory number Total Checkouts Full call number Barcode Date last seen Price effective from Koha item type Public note
    Dewey Decimal Classification     Main TEST RTC Library RTC Library Main opac 5496   738 OBY 30003454 27/11/2018 27/11/2018 Main Donated by Rachael Davey. Return to her upon request.
Royal Thimphu College || All Right Reserved